00481nam a2200157Ia 4500003000900000008004100009040001600050080001500066100002100081245010700102260004800209300001500257650001900272650001200291700002000303IN-BaIIA211028s9999 xx 000 0 eng d cIIA Library a530.1bEIN aEinstein, Albert 4aThe evolution of physicscEinstein, Albert and Leopold Infeld  aCambridgebCambridge University Pressc1961 axvi, 302p. aNASA thesaurus aPhysics aInfeld, Leopold